Implementación del control de almacenes en un laboratorio productor de fármacos /

Guardado en:
Detalles Bibliográficos
Autor principal: Obeso Sanromán, Eduardo de (autor)
Formato: Tesis Libro
Idioma:Español
Temas:
Etiquetas: Agrega una etiqueta
Sin etiquetas, Sé el primero en etiquetar este registro!

MARC

LEADER 00000nam^a2200000^a^4500
001 000272463
005 20250521000000.0
009 20260310111100.752
037 |a Acervo ITESO - Biblioteca 
041 |a ESP 
090 |a IQU. 232 
100 |a Obeso Sanromán, Eduardo de  |e (autor) 
245 1 0 |a Implementación del control de almacenes en un laboratorio productor de fármacos /  |c E. de Obeso Sanromán. 
264 |a Guadalajara, México :  |b edición de autor,  |c 2008 
300 |a 1 disco compacto de computadora 
336 |a datos para computadora  |b cod  |2 rdacontenido 
337 |a computadora  |b c  |2 rdamedio 
338 |a disco de computadora  |b cd  |2 rdasoporte 
502 |a ITESO Reporte Profesional de Licenciatura en Ingeniería Química 
649 |a XX 
650 |a Ingenieros Químicos -  |x Prácticas Profesionales -  |x Tema Principal 
650 |a Industria Farmacéutica -  |x Administración 
650 |a Control de Inventarios -  |x Tema Principal 
650 |a Bodegas -  |x Administración 
650 |a Ciencias Administrativas 
650 |a Ingeniería Química -  |x Prácticas Profesionales 
910 |a Fondo General 
920 |a Electrónicos - Tesis del ITESO en Disco 
905 |a 202 
901 |a 0500158169  |b IT2  |c STS  |u 20250521 
902 |a https://opac.biblio.iteso.mx/vufind/Record/000272463